Historias del piojo / (Registro nro. 3756)
[ vista simple ]
| 000 -LEADER | |
|---|---|
| fixed length control field | 01066nam a2200289Ia 4500 |
| 003 - CONTROL NUMBER IDENTIFIER | |
| control field | OSt |
| 005 - DATE AND TIME OF LATEST TRANSACTION | |
| control field | 20250711162706.0 |
| 008 - FIXED-LENGTH DATA ELEMENTS--GENERAL INFORMATION | |
| fixed length control field | 191128s9999 xx 000 0 und d |
| 020 ## - INTERNATIONAL STANDARD BOOK NUMBER | |
| International Standard Book Number | 9580442231 |
| 040 ## - CATALOGING SOURCE | |
| Original cataloging agency | CO-JMCR |
| Transcribing agency | CO-JMCR |
| 082 ## - DEWEY DECIMAL CLASSIFICATION NUMBER | |
| Classification number | N |
| Item number | ROLh |
| 100 ## - MAIN ENTRY--PERSONAL NAME | |
| Personal name | Roldán, Gustavo, autor |
| 9 (RLIN) | 4883 |
| 245 #0 - TITLE STATEMENT | |
| Title | Historias del piojo / |
| 245 #0 - TITLE STATEMENT | |
| Statement of responsibility, etc. | Gustavo Roldán |
| 260 ## - PUBLICATION, DISTRIBUTION, ETC. | |
| Place of publication, distribution, etc. | Bogotá |
| 260 ## - PUBLICATION, DISTRIBUTION, ETC. | |
| Name of publisher, distributor, etc. | Norma , |
| 260 ## - PUBLICATION, DISTRIBUTION, ETC. | |
| Date of publication, distribution, etc. | 1998 |
| 300 ## - PHYSICAL DESCRIPTION | |
| Extent | 62 páginas |
| 300 ## - PHYSICAL DESCRIPTION | |
| Other physical details | ilustraciones a balco y negro , 19 cm. |
| 490 ## - SERIES STATEMENT | |
| Series statement | Torre de papel roja |
| 500 ## - GENERAL NOTE | |
| General note | Incluye tabla de contenido |
| 505 ## - FORMATTED CONTENTS NOTE | |
| Formatted contents note | Canción de amor -- desafío mortal -- pisando fuerte -- una lluvia para temblar -- otra vuelta al mundo historia de la vizcacha y la lechuza -- fin de la historia |
| 520 ## - SUMMARY, ETC. | |
| Summary, etc. | Al piojo le gustaba pisar las hojas secas cuando llega el otoño, pelearse con el puma - sólo si es necesario - y, fundamentalmente, le gusta enamorarse de la piojita más linda del monte chaqueño. |
| 546 ## - LANGUAGE NOTE | |
| Language note | spa |
| 650 ## - SUBJECT ADDED ENTRY--TOPICAL TERM | |
| Topical term or geographic name entry element | Cuentos infantiles |
| 9 (RLIN) | 4884 |
| 942 ## - ADDED ENTRY ELEMENTS (KOHA) | |
| Source of classification or shelving scheme | Dewey Decimal Classification |
| Koha item type | Books |
| Withdrawn status | Lost status | Source of classification or shelving scheme | Materials specified (bound volume or other part) | Damaged status | Not for loan | Home library | Current library | Date acquired | Total Checkouts | Full call number | Barcode | Date last seen | Date last checked out | Copy number | Koha item type |
|---|---|---|---|---|---|---|---|---|---|---|---|---|---|---|---|
| Dewey Decimal Classification | Donación--12/06/2018-- | Biblioteca Pública José María del Castillo y Rada | Biblioteca Pública José María del Castillo y Rada | 11/28/2019 | 3 | N ROLh | 201808060 | 05/03/2024 | 05/03/2024 | Ej.1 | Books |